000 01319aam a2200349 i 4500
001 768714001
003 CO-MdFUSB
005 20250715121025.0
007 ta
008 240705t1995 -us |||| |||| 00| 0 spa d
020 _a0-8308-1694-1
040 _cCO-MdFUSB
041 0 _aeng
082 0 4 _a280.4
_223
_bM478
100 1 _aMcGrath, Allister
_eautor
245 1 0 _aEvangelicalism and the future of christianity
_c/ Allister McGrath
264 1 _bInterVarsity Press,
_aDowners Grove, Illinois :
_c[1992]
264 4 _c©1992
300 _a209 páginas
_c; 24 cm
336 _2rdacontent
_atexto
_btxt
337 _2rdamedia
_asin mediación
_bn
338 _2rdacarrier
_avolumen
_bnc
505 _aEl renacimiento evangélico. -- Distintivos Evangélicos. -- El atractivo del evangelicalismo. -- ¿Pérdida de visión? Expansión evangélica y crisis de identidad. -- La búsqueda de una espiritualidad evangélica. -- El lado oscuro del evangelicalismo. -- El evangelicalismo y el futuro del cristianismo
563 _aPasta dura
650 0 _aProtestantismo
_9947
653 _aEvangelicalismo o movimiento evangélico
653 _aCristianismo contemporáneo
653 _aProtestantismo -- Historia y perspectiva contemporánea
942 _cBK
945 _aJTF-925
999 _c44207
_d44207